000
00343cam a2200145ua 4500
041
_a
eng
_h
082
_a
823.301
_b
HEM/CO
100
_a
Hemming , James .
245
_a
Corker Joins the club /
_c
James Hemming.
_h
Textual Documents
260
_a
:
_b
Longmans ,
_c
1966.
300
_a
57 ; .
504
_a
942
_c
BK
999
_c
3430
_d
3430